Normal view MARC view

Entry Personal Name

Number of records used in: 2

001 - CONTROL NUMBER

  • control field: 46048

003 - CONTROL NUMBER IDENTIFIER

  • control field: dpl

005 - DATE AND TIME OF LATEST TRANSACTION

  • control field: 20120430123536.0

008 - FIXED-LENGTH DATA ELEMENTS

  • fixed length control field: 120430|||a|||||| | ||| d

040 ## - CATALOGING SOURCE

  • Original cataloging agency: dpl
  • Transcribing agency: dpl

100 ## - HEADING--PERSONAL NAME

  • Personal name: पर्णदत्त सिंह

670 ## - SOURCE DATA FOUND

  • Source citation: Work cat.: (dpl): पर्णदत्त सिंह, व्याकरणशास्त्रीय परिभाषाएँ: एक अनुशीलन /, 2003

670 ## - SOURCE DATA FOUND

  • Source citation: Work cat.: (dpl): पर्णदत्त सिंह, व्याकरणशास्त्रीय परिभाषाएँ: एक अनुशीलन /, 2003

© Delhi Public Library
Hit Counter
free hit counter